| 000 | 01081naa a22003017a 4500 | ||
|---|---|---|---|
| 001 | BR8302581 | ||
| 003 | BR-BrBNA | ||
| 005 | 20240918175247.0 | ||
| 007 | ta | ||
| 008 | 230509b bl.||||| |||| 00| 0 por d | ||
| 040 |
_aBR-BrBNA _bpor _cBiblioteca Nacional de Agricultura |
||
| 041 | _a(Pt) | ||
| 072 | _aE70; E10 | ||
| 090 | _aE70 BR8302581 | ||
| 100 | 1 | _aCoelho, B.R.M. | |
| 111 | 1 |
_aEncontro de Cooperativas para Exportacao _cBrasilia, DF (Brazil) _d25-27 Oct 1983 |
|
| 245 | 1 | _aAspectos bancarios do mercado exterior [cooperativa, exportacao, financiamento] | |
| 260 | 3 |
_aBrasilia, DF (Brasil): _c1983. |
|
| 500 | _aAnais do Encontro de Cooperativas para Exportacao Brasilia, DF (Brasil): 1983. p. 107-115 (BR8302581-AM)E70 | ||
| 650 | _aCOOPERATIVA | ||
| 650 | _aEXPORTACAO | ||
| 650 | _aMERCADO INTERNACIONAL | ||
| 650 | _aCOMERCIO EXTERIOR | ||
| 650 | _aFINANCIAMENTO | ||
| 773 | 0 |
_tAnais do Encontro de Cooperativas para Exportacao _wE70 BR8302581 _gBrasilia, DF (Brasil), 1983. p. 107-115 |
|
| 909 |
_a202404 _bLucia _c55 _dLucia Elande |
||
| 942 |
_cAM _2AGRIS |
||
| 999 |
_c315883 _d315883 |
||